000 03561nam0a2200481 4500
001 RU\NLR\bibl\1389082
005 20260407204637.0
010 _a978-5-98901-045-5
_9300
021 _aRU
_b2009-35742
_92160
035 _a(nilc)RSL-KNO-004324583
035 _a(NLR Aleph) 001381134
090 _a1102794
_c1102794
100 _a20090421d2008 |||y0rusy50 ca
101 0 _arus
102 _aRU
105 _ay |||||||||
200 1 _aVIII Конференция молодых специалистов организаций, осуществляющих виды деятельности, связанной с пользованием участками недр на территории Ханты-Мансийского автономного округа - Югры, Ханты-Мансийск, 2-4 апреля 2008 года
_eсборник материалов конференции
210 _aНовосибирск
_cПараллель
_d2008
215 _a718, [1] с.
_cил., табл., цв. ил.
_d21
300 _aВ надзаг.: Правительство Ханты-Мансийского авт. окр. - Югры, Югорский гос. ун-т, ГП ХМАО - Югры "Научно-аналитический центр рационального недропользования им. В. И. Шпильмана", Югорский научно-исслед. ин-т информационных технологий
313 _aГеология и разведка нефти
320 _aБиблиогр. в конце ст.
320 _aАвт. указ.: с. 698-699
606 1 _aНефть
_jСъезды, совещания и т.п.
_xМесторождения
_yХанты-Мансийский автономный округ-Югра
_92248413
_3RU\NLR\auth\661348797
606 1 _aНефтяная промышленность
_jСъезды, совещания и т.п.
_xПредприятия
_xУправление
_92088008
_3RU\NLR\auth\661264069
606 1 _aНефть
_jСъезды, совещания и т.п.
_xДобыча
_yХанты-Мансийский автономный округ
_92236054
_3RU\NLR\auth\661341924
610 0 _aОхрана окружающей среды -- Российская Федерация -- Ханты-Мансийский автономный округ -- Материалы конференции
610 0 _aГорное дело -- Бурение скважин на нефть и газ -- Материалы конференции
610 0 _aГорное дело -- Разработка нефтяных и газовых месторождений -- Материалы конференции
686 _aБ1(2Р-4Тю-6Х)я431(2)
_2rubbk
686 _aИ131,7я431(2)
_2rubbk
686 _aИ36я431(2)
_2rubbk
686 _aИ361я431
686 _aД454.1-09(2Р53-4Тю-6Х)я431
686 _aУ30(2)565.2-21я431
710 1 2 _aКонференция молодых специалистов организаций, осуществляющих виды деятельности, связанной с пользованием участками недр на территории Ханты-Мансийского автономного округа - Югры
_d8
_f2008
_eХанты-Мансийск
_3RU\NLR\AUTH\8810136750
_9769149
801 0 _aRU
_bРГБ
_c20090421
_gRCR
801 1 _aRU
_bРГБ
_c20090421
801 2 _aRU
_bNLR
_c20090703
_grcr
942 _cBOOK
980 _aNB